• 首页
  • 本馆介绍
  • 公告通知
  • 最新文献
  • 馆藏检索
  • 电子资源
  • 读者导购
  • 参考咨询
  • 我的图书馆
  • 登录
  • 详细信息显示
  • 放入我的书架
  • 预约/预借图书
  • 作者相关作品
  • 分类相关作品
  • 丛书相关作品
  • 出版社相关作品

书目信息

  • 表格格式
  • 工作单格式
  • 卡片格式
题名:
水中健身运动
    
 
作者: 野村武男 著 ;章耀远 译
分册:  
出版信息: 北京   人民体育出版社  2002
页数: 174页
开本: 17cm
丛书名:
单 册:
中图分类: G806
科图分类:
主题词: 体育锻炼--基本知识
电子资源:
ISBN: 7-5009-2310-4
000 00766nam0 2200229 45
001 012002060014
005 20050104150653.8
010    @a7-5009-2310-4@dCNY11.00
100    @a20020731d2002 em y0chiy0110 ea
101 1  @achi@cjpn
102    @aCN@b110000
105    @aa z 000yy
200 1  @a水中健身运动@Ashui zhong jian shen yun dong@f(日)野村武男著@F(Ri)Ye Cun Wu Nan Zhu@g章耀远译
210    @a北京@c人民体育出版社@d2002
215    @a174页@c图@d17cm
330    @a本书包括:最佳运动的选择、游泳是最好的全身运动、水中运动——健康游泳、水中运动的效果——年轻10岁等内容。
606 0  @a体育锻炼@x基本知识
690    @aG806@v4
701  0 @a野村武男@4著
702  0 @a章耀远@AZhang Yao Yuan@4译
801  0 @aCN@bNLC@c20020801
905    @b341491-495@dG806@e139@f5
    
    水中健身运动/(日)野村武男著/章耀远译.-北京:人民体育出版社,2002
    174页:图;17cm
    
    
    ISBN 7-5009-2310-4:CNY11.00
    本书包括:最佳运动的选择、游泳是最好的全身运动、水中运动——健康游泳、水中运动的效果——年轻10岁等内容。
●
相关链接 在E读中查询图书 在五车中查询图书 在当当中查询图书 在豆瓣中查询图书


正题名:水中健身运动     索取号:G806/139         预约/预借

序号 登录号 条形码 馆藏地/架位号 状态 备注
1 0341491   203414910   第一样本阅览室/ [索取号:G806/139] 在馆    
2 0341492   203414929   第四借阅区/ [索取号:G806/139] 在馆    
3 0341493   203414938   第四借阅区/ [索取号:G806/139] 在馆    
4 0341494   203414947   第四借阅区/ [索取号:G806/139] 在馆    
5 0341495   203414956   第四借阅区/ [索取号:G806/139] 在馆    
唐山师范学院图书馆 欢迎您!
大连网信软件有限公司© 版权所有